000 00379nam a22001337a 4500
082 _a297
_bIQB
100 _aIqbal, Muhammad
_99
245 _aThe reconstruction of religious thought in Islam
260 _aLahore,
_bIqbal Academy Pakistan,
_c2011.
300 _a277p.
526 _a0
_b0
_c0
_d297_000000000000000_IQB
700 _aSheikh, Muhammad Saeed
_951778
942 _2ddc
_cBK
999 _c554325
_d554325